Women in the Age of Economic Transformation Gender Impact of Reforms in Post-socialist and Developing Countries

Salvato in:
Dettagli Bibliografici
Natura: Libro
Lingua:inglese
Pubblicazione: London Routledge 1994
Edizione:1. ed.
Soggetti:
Tags: Aggiungi Tag
Nessun Tag, puoi essere il primo ad aggiungerne!!

MARC

LEADER 00000nam a2200000 4500
001 c020085
005 20221205142453.5
020 |a 0-415-10423-8 
041 0 |a eng 
044 |a GB 
245 1 0 |a Women in the Age of Economic Transformation  |b Gender Impact of Reforms in Post-socialist and Developing Countries 
250 |a 1. ed. 
264 1 |a London  |b Routledge  |c 1994 
300 |a 232 s. 
610 2 0 |a práca žien 
610 2 0 |a ženy 
610 2 0 |a transformácia 
610 2 0 |a krajiny rozvojové 
610 2 0 |a SVE 
610 2 0 |a reštrukturalizácia 
610 2 0 |a reformy hospodárske